Challenges of intercultural communication

Na minha lista:
Detalhes bibliográficos
Autor principal: Némethová, Ildikó, 1974-
Formato: Capítulo de Livro
Idioma:inglês
Assuntos:
Tags: Adicionar Tag
Sem tags, seja o primeiro a adicionar uma tag!

MARC

LEADER 00000naa$a2200000$$$4500
001 0180949
005 20240502083425.5
041 0 |a eng 
044 |a HU 
245 1 0 |a Challenges of intercultural communication  |c Ildikó Némethová 
610 2 0 |a jazyky cudzie 
610 2 0 |a komunikácia interkultúrna 
100 1 |a Némethová, Ildikó, 1974-